[Event "XV Festival B"]
[Site "Padova ITA"]
[Date "2012.12.23"]
[Round "5"]
[White "Gennari, Jacopo"]
[Black "Carraro, Riccardo"]
[WhiteElo "1837"]
[BlackElo "1578"]
[Result "0-1"]
[PlyCount "105"]
[EventDate "2012.12.15"]

1. d4 d5 2. c4 e6 3. Nc3 Nf6 4. Nf3 c5 5. cxd5 exd5 6. dxc5 Bxc5 7. Bg5 d4 8.
Na4 Bb4+ 9. Bd2 Qa5 10. b3 Nc6 11. Bxb4 Nxb4 12. Nd2 Bf5 13. Rc1 O-O 14. Rc5
Qxc5 15. Nxc5 Nc2+ 16. Qxc2 Bxc2 17. g3 b6 18. Na6 Rac8 19. Bg2 d3 20. e3 Rfd8
21. Nb4 a5 22. Nc6 Re8 23. Nc4 Rc7 24. Nd4 Ne4 25. Bxe4 Rxe4 26. a4 Bxb3 27.
Nxb3 Rcxc4 28. Kd2 Rxa4 29. Kxd3 Re6 30. Nd4 Rd6 31. Rc1 g6 32. Ke4 b5 33. Ke5
Rb6 34. f4 b4 35. Rc8+ Kg7 36. f5 b3 37. f6+ Rxf6 38. Nxb3 Rf3 39. Nc5 Rxe3+
40. Kd5 Ra2 41. Kd4 Re7 42. h4 a4 43. g4 Rh2 44. g5 Rxh4+ 45. Kd5 Rg4 46. Kd6
Re1 47. Rc7 Rd1+ 48. Kc6 a3 49. Ra7 Re1 50. Rxa3 Rxg5 51. Ra7 Rc1 52. Ra5 h5
53. Kd6 0-1

[Event "XV Festival B"]
[Site "Padova ITA"]
[Date "2012.12.23"]
[Round "5"]
[White "Marangoni, Simone"]
[Black "Boscolo, Marco"]
[WhiteElo "1877"]
[BlackElo "2145"]
[Result "0-1"]
[PlyCount "112"]
[EventDate "2012.12.15"]

1. d4 Nf6 2. c4 d6 3. Nc3 e5 4. Nf3 Nbd7 5. g3 g6 6. Bg5 h6 7. Be3 Bg7 8. Bg2
O-O 9. h3 Nh5 10. Qd2 Kh7 11. g4 Nhf6 12. g5 hxg5 13. Bxg5 exd4 14. Nxd4 Rh8
15. O-O-O Kg8 16. f4 Nc5 17. e4 Qe8 18. Ndb5 Na6 19. Rhe1 Bxh3 20. e5 dxe5 21.
Bxb7 Rb8 22. Bxa6 Qc6 23. fxe5 Ne8 24. Qe3 Qxa6 25. Qxa7 Qxa7 26. Nxa7 Rh5 27.
Nc6 Ra8 28. Bf4 Rh4 29. Re4 Bg2 30. Ne7+ Kf8 31. Red4 c5 32. Rd7 Rxf4 33. e6
Bh6 34. Kb1 Be4+ 35. Nxe4 Rxe4 36. exf7 Rxe7 37. fxe8=Q+ Raxe8 38. Rf1+ Kg7 39.
Rd6 Be3 40. Rfd1 Re4 41. b3 R8e7 42. a4 Rb7 43. Rd7+ Re7 44. R7d3 Bd4 45. R1d2
g5 46. Rg2 Kg6 47. Kc2 Re4 48. Rf3 Be5 49. Rd3 Rxc4+ 50. bxc4 Rb2+ 51. Kd1 Rxg2
52. Rd5 Bd4 53. a5 Ra2 54. Rd6+ Kf5 55. a6 Ke4 56. Rg6 Kd3 0-1

[Event "XV Festival B"]
[Site "Padova ITA"]
[Date "2012.12.23"]
[Round "5"]
[White "Menini, Luca"]
[Black "Mancin, Michele"]
[WhiteElo "1697"]
[BlackElo "1750"]
[Result "0-1"]
[PlyCount "58"]
[EventDate "2012.12.15"]

1. e4 e5 2. Nf3 d6 3. d4 exd4 4. Nxd4 Nf6 5. Nc3 Be7 6. Be2 O-O 7. Be3 Nc6 8.
Nxc6 bxc6 9. O-O Re8 10. f4 Bf8 11. Bf3 Bb7 12. Bf2 Nd7 13. Re1 Nb6 14. b3 Qf6
15. Qd2 Rad8 16. g4 Qh6 17. g5 Qh3 18. Bg2 Qc8 19. Rad1 c5 20. a4 a5 21. h4 g6
22. Kh2 Bg7 23. Bh3 Qa8 24. Nb5 Qb8 25. Qxa5 Bxe4 26. Nc3 Bxc2 27. Rxe8+ Rxe8
28. Rd2 Bxb3 29. Qb5 Bxc3 0-1

[Event "XV Festival B"]
[Site "Padova ITA"]
[Date "2012.12.23"]
[Round "5"]
[White "Montoli, Marco"]
[Black "Tomio, Dante"]
[WhiteElo "1938"]
[BlackElo "1845"]
[Result "1-0"]
[PlyCount "69"]
[EventDate "2012.12.15"]

1. c4 Nf6 2. g3 c6 3. Bg2 d5 4. Nf3 e6 5. d4 Nbd7 6. Qc2 Be7 7. O-O O-O 8. Nbd2
Re8 9. e4 dxe4 10. Nxe4 Nxe4 11. Qxe4 Nf6 12. Qc2 Qc7 13. Rd1 Bd7 14. Bf4 Qc8
15. Rac1 h6 16. Ne5 Rd8 17. Qe2 Bf8 18. d5 exd5 19. cxd5 Re8 20. Qd2 c5 21. b4
g5 22. Bxg5 hxg5 23. Qxg5+ Bg7 24. Rxc5 Qd8 25. d6 Rb8 26. h4 Ba4 27. Rd2 Qb6
28. Rc7 Ne4 29. Bxe4 Rxe5 30. Qf4 Be8 31. Bd5 Rxd5 32. Rxd5 Qa6 33. d7 Qf6 34.
Qxf6 Bxf6 35. Rc8 1-0

[Event "XV Festival B"]
[Site "Padova ITA"]
[Date "2012.12.23"]
[Round "5"]
[White "Negro, Roberto"]
[Black "Gennari, Leone"]
[WhiteElo "2156"]
[BlackElo "1975"]
[Result "1-0"]
[PlyCount "53"]
[EventDate "2012.12.15"]

1. d4 Nf6 2. Nf3 d5 3. e3 Bg4 4. h3 Bh5 5. g4 Bg6 6. Ne5 Nbd7 7. h4 h6 8. Nxg6
fxg6 9. Bd3 e5 10. Bxg6+ Ke7 11. Qf3 e4 12. Qg2 c6 13. f3 Qa5+ 14. Nc3 exf3 15.
Qxf3 Kd8 16. Bd2 Bd6 17. O-O-O Rf8 18. Qg2 b5 19. Kb1 b4 20. Ne2 Kc7 21. g5 Ng8
22. Nf4 Bxf4 23. exf4 Ne7 24. gxh6 gxh6 25. f5 Nxf5 26. Qh2+ Kb7 27. Qh3 1-0

[Event "XV Festival B"]
[Site "Padova ITA"]
[Date "2012.12.23"]
[Round "5"]
[White "Penzo, Amleto"]
[Black "Zanini, Andrea"]
[WhiteElo "1847"]
[BlackElo "1662"]
[Result "1/2-1/2"]
[PlyCount "45"]
[EventDate "2012.12.15"]

1. d4 b6 2. Nf3 Bb7 3. e3 e6 4. Bd3 f5 5. O-O Nf6 6. c4 c5 7. Nc3 Be7 8. b3 O-O
9. Bb2 Nc6 10. a3 cxd4 11. Nxd4 Nxd4 12. exd4 Qc7 13. Qe2 Ng4 14. f4 Bf6 15.
Kh1 Qc6 16. h3 Ne3 17. d5 Nxf1 18. dxc6 Ng3+ 19. Kh2 Nxe2 20. cxb7 Bxc3 21.
bxa8=Q Rxa8 22. Bxe2 Bxb2 23. Ra2 1/2-1/2

[Event "XV Festival B"]
[Site "Padova ITA"]
[Date "2012.12.23"]
[Round "5"]
[White "Pilotto, Alessandro"]
[Black "Rosina, Graziano"]
[WhiteElo "1573"]
[BlackElo "1789"]
[Result "1-0"]
[PlyCount "93"]
[EventDate "2012.12.15"]

1. d4 d5 2. Bf4 Nf6 3. e3 e6 4. Be2 c5 5. c3 cxd4 6. exd4 Qb6 7. Qb3 Qxb3 8.
axb3 Be7 9. Bxb8 Rxb8 10. Rxa7 O-O 11. Nf3 Bd6 12. O-O Ne4 13. Nbd2 f5 14. b4
Re8 15. Bb5 Re7 16. Nb3 Bc7 17. Rfa1 Nd6 18. Be2 b6 19. Ra8 Bb7 20. Rxb8+ Bxb8
21. Ne5 Nf7 22. f4 Bxe5 23. fxe5 Ng5 24. Ra7 Kf7 25. Nd2 Ne4 26. Nxe4 fxe4 27.
Kf2 Bc6 28. Ra6 Rb7 29. b5 Bd7 30. Ke3 Ke7 31. b3 Be8 32. c4 Bd7 33. Ra8 Be8
34. h3 h6 35. Kd2 Kd7 36. Bg4 Ke7 37. Bxe6 Kxe6 38. Rxe8+ Kf7 39. Rc8 dxc4 40.
bxc4 Ra7 41. Ke3 Ra2 42. g3 Ra3+ 43. Kxe4 Rxg3 44. d5 Rxh3 45. d6 Rh1 46. d7
Re1+ 47. Kf3 1-0

[Event "XV Festival B"]
[Site "Padova ITA"]
[Date "2012.12.23"]
[Round "5"]
[White "Pisani, Valerio"]
[Black "Vastano, Ciro"]
[WhiteElo "1731"]
[BlackElo "1633"]
[Result "1/2-1/2"]
[PlyCount "50"]
[EventDate "2012.12.15"]

1. Nc3 e6 2. e4 d5 3. exd5 exd5 4. d4 Nf6 5. Bd3 Bd6 6. Nf3 h6 7. O-O O-O 8.
Ne2 Bg4 9. Ng3 Nbd7 10. h3 Bxf3 11. Qxf3 c6 12. Nf5 Bc7 13. Bd2 Re8 14. Rfe1
Rxe1+ 15. Rxe1 Qf8 16. g4 Re8 17. Rxe8 Qxe8 18. h4 Ne4 19. Be3 Nd6 20. Ng3 Qe6
21. g5 hxg5 22. hxg5 Nf8 23. Bf5 Nxf5 24. Nxf5 Ng6 25. Kg2 Ne7 1/2-1/2

[Event "XV Festival B"]
[Site "Padova ITA"]
[Date "2012.12.23"]
[Round "5"]
[White "Pozzobon, Davide"]
[Black "Liguori, Michele"]
[WhiteElo "1899"]
[BlackElo "1733"]
[Result "0-1"]
[PlyCount "102"]
[EventDate "2012.12.15"]

1. e4 c5 2. c3 d5 3. exd5 Qxd5 4. d4 Nf6 5. Nf3 Nc6 6. Na3 e6 7. Nb5 Qd8 8.
dxc5 Bxc5 9. Qxd8+ Kxd8 10. Bf4 Nd5 11. Rd1 Ke7 12. Bg3 a6 13. Nc7 Nxc7 14.
Bxc7 f6 15. b4 Ba7 16. a3 e5 17. c4 Nd4 18. Nxd4 Bxd4 19. c5 Be6 20. Be2 Bd5
21. Bf3 Bxf3 22. gxf3 Rac8 23. Bb6 g5 24. Ke2 h5 25. h3 h4 26. Kd3 Ke6 27. Ke2
Rh7 28. Rd3 Rd7 29. Rhd1 Rg7 30. R3d2 f5 31. Rg1 Rcg8 32. Rh1 Rh7 33. Rc2 g4
34. Ba5 g3 35. c6 bxc6 36. Rxc6+ Kd5 37. Rxa6 gxf2 38. Rf1 Rb7 39. Rh6 Rg1 40.
Rxh4 Rxf1 41. Kxf1 Rg7 42. Rxd4+ exd4 43. Kxf2 Re7 44. a4 Kc4 45. b5 Kb3 46.
Bb6 d3 47. Be3 Rxe3 48. Kxe3 Kc2 49. b6 d2 50. b7 d1=Q 51. b8=Q Qd2# 0-1

[Event "XV Festival B"]
[Site "Padova ITA"]
[Date "2012.12.23"]
[Round "5"]
[White "Quaranta, Gaetano"]
[Black "Alessi, Giovanni"]
[WhiteElo "1815"]
[BlackElo "1633"]
[Result "1/2-1/2"]
[PlyCount "114"]
[EventDate "2012.12.15"]

1. e4 e5 2. Nf3 d6 3. Bc4 Be7 4. O-O Nf6 5. Nc3 Nc6 6. h3 Bd7 7. d3 Na5 8. Bb3
Nxb3 9. axb3 a6 10. Be3 O-O 11. Qd2 c6 12. Na4 c5 13. Nc3 b5 14. Nh2 Qc7 15. f4
exf4 16. Bxf4 Bc6 17. Nf3 Rfd8 18. e5 Nd5 19. Nxd5 Bxd5 20. exd6 Bxd6 21. Bxd6
Qxd6 22. Qf2 Re8 23. Ng5 f6 24. Nf3 Re6 25. Rae1 Rae8 26. Rxe6 Rxe6 27. Re1
Rxe1+ 28. Qxe1 Kf7 29. Nd2 Bb7 30. Qe2 Qd4+ 31. Kh1 Qxb2 32. Qh5+ Ke6 33. Qe8+
Kd6 34. Qd8+ Ke6 35. Qb6+ Kf5 36. Qxc5+ Kg6 37. Nf1 Qc1 38. Qf2 Qg5 39. Ne3 f5
40. Kh2 h5 41. h4 Qf6 42. Qg3+ Kh6 43. Qf4+ Kg6 44. Qg3+ Kh7 45. Qf4 Kg6 46.
Qg3+ Kh7 47. Qf4 g6 48. Qc7+ Kh6 49. Qxb7 Qxh4+ 50. Kg1 Qd4 51. Qe7 f4 52. Qf8+
Kg5 53. Qe7+ Kh6 54. Qf8+ Kh7 55. Qf7+ Kh6 56. Qf8+ Kg5 57. Qe7+ Kh6 1/2-1/2

[Event "XV Festival B"]
[Site "Padova ITA"]
[Date "2012.12.23"]
[Round "5"]
[White "Rodella, Umberto"]
[Black "Belloni, Umberto"]
[WhiteElo "1738"]
[BlackElo "1797"]
[Result "1-0"]
[PlyCount "45"]
[EventDate "2012.12.15"]

1. d4 d5 2. c4 c6 3. Nc3 e6 4. Nf3 Bd6 5. e3 Nd7 6. Bd3 f5 7. O-O Nh6 8. Nd2 g5
9. Qh5+ Nf7 10. b3 Nf6 11. Qe2 a6 12. Bb2 Bd7 13. f3 h5 14. e4 dxe4 15. fxe4
fxe4 16. Ncxe4 Rh6 17. Nxd6+ Nxd6 18. Rae1 Qc7 19. Qe5 Ng4 20. Qxg5 Nf5 21.
Qg8+ Ke7 22. Ba3+ Kf6 23. Ne4# 1-0

[Event "XV Festival B"]
[Site "Padova ITA"]
[Date "2012.12.23"]
[Round "5"]
[White "Saponara, Nicola"]
[Black "Kolosov, Antonio"]
[WhiteElo "1796"]
[BlackElo "1386"]
[Result "1-0"]
[PlyCount "49"]
[EventDate "2012.12.15"]

1. e4 e5 2. Nf3 d6 3. d4 exd4 4. Nxd4 Nf6 5. Bd3 Bd7 6. O-O Nc6 7. Nf5 g6 8.
Ng3 Bg7 9. Nc3 O-O 10. Bg5 Qc8 11. Qc1 Be6 12. f4 Ne8 13. f5 Bd7 14. f6 Bh8 15.
Nd5 Qd8 16. Ne7+ Nxe7 17. fxe7 Qc8 18. exf8=Q+ Kxf8 19. Bh6+ Kg8 20. Qg5 Bd4+
21. Kh1 Be5 22. Nh5 Bg4 23. Qe7 Ng7 24. Qxf7+ Kh8 25. Bxg7+ 1-0

[Event "XV Festival B"]
[Site "Padova ITA"]
[Date "2012.12.23"]
[Round "5"]
[White "Simioni, Tiziano"]
[Black "Zavan, Fabrizio"]
[WhiteElo "1781"]
[BlackElo "1534"]
[Result "1-0"]
[PlyCount "93"]
[EventDate "2012.12.15"]

1. e4 c6 2. f4 d5 3. exd5 cxd5 4. d4 e6 5. Nf3 Bd6 6. Bd3 Nc6 7. a3 Nge7 8. O-O
O-O 9. Bxh7+ Kh8 10. Bd3 Nf5 11. c3 g6 12. Nbd2 Bxf4 13. Nb3 Bxc1 14. Qxc1 Kg7
15. Qd2 Rh8 16. Qf4 Qd6 17. Qxd6 Nxd6 18. Nbd2 Bd7 19. b3 Rh5 20. c4 dxc4 21.
bxc4 Ne7 22. Ne5 Bc6 23. g4 Rxe5 24. dxe5 Ndc8 25. Rf2 Nb6 26. Raf1 Rf8 27. Nf3
Nd7 28. Nd4 a6 29. Re1 g5 30. Rb2 Ng6 31. Rbe2 Nf4 32. Re3 Nxd3 33. Rxd3 Nc5
34. Rde3 Nd7 35. Nxc6 bxc6 36. Rd3 Nc5 37. Rd6 Rc8 38. Kf2 a5 39. Ke3 a4 40.
Red1 Nb7 41. Rd7 Na5 42. Rf1 Rf8 43. Kd4 Nb3+ 44. Kc3 Nc5 45. Rc7 Ne4+ 46. Kc2
c5 47. Kd3 1-0

[Event "XV Festival B"]
[Site "Padova ITA"]
[Date "2012.12.23"]
[Round "5"]
[White "Simonetto, Adriano"]
[Black "Sinato, Fabrizio"]
[WhiteElo "2001"]
[BlackElo "1862"]
[Result "1-0"]
[PlyCount "85"]
[EventDate "2012.12.15"]

1. d4 Nf6 2. c4 c5 3. d5 b5 4. cxb5 a6 5. bxa6 Bxa6 6. Nc3 g6 7. Nf3 Bg7 8. e4
Bxf1 9. Kxf1 d6 10. g3 O-O 11. Kg2 Nbd7 12. a4 Qb6 13. Qe2 Rfb8 14. Bd2 Ng4 15.
Rhb1 Qb3 16. Ra3 Qb7 17. Nb5 Nb6 18. b3 Qd7 19. Bc3 Nxd5 20. Bxg7 Kxg7 21. exd5
Kf8 22. Nc3 Nf6 23. Qd3 Qg4 24. h3 Qd7 25. Ra2 Rb4 26. Re2 Qb7 27. Qe3 c4 28.
bxc4 Rxb1 29. Nxb1 Qxb1 30. Qxe7+ Kg7 31. Ng5 Qf5 32. Qxf7+ Kh6 33. Ne6 Rxa4
34. Qg7+ Kh5 35. g4+ Nxg4 36. Qxh7+ Nh6 37. Ng7+ Kg5 38. Nxf5 Nxf5 39. f4+ Kxf4
40. Rf2+ Kg5 41. Rxf5+ Kxf5 42. Qd7+ Ke4 43. Qxa4 1-0

[Event "XV Festival B"]
[Site "Padova ITA"]
[Date "2012.12.23"]
[Round "5"]
[White "Simonetto, Alessio"]
[Black "Benedetti, Maurizio"]
[WhiteElo "1572"]
[BlackElo "1713"]
[Result "1-0"]
[PlyCount "111"]
[EventDate "2012.12.15"]

1. f4 d5 2. e3 Nf6 3. Nf3 e6 4. b3 c5 5. Bb2 Nc6 6. d3 b5 7. Nbd2 Be7 8. Ne5
Bb7 9. Ndf3 O-O 10. Be2 Qb6 11. Qd2 Rad8 12. Qc1 d4 13. e4 c4 14. bxc4 bxc4 15.
Nxc4 Qc7 16. O-O Bc5 17. Kh1 Nd7 18. Nfd2 f5 19. Bf3 Ne7 20. e5 Nd5 21. Nb3 Ne3
22. Nxe3 dxe3 23. Bd4 Bxf3 24. Rxf3 Bxd4 25. Nxd4 Nc5 26. Qxe3 Rd5 27. Nb5 Qb6
28. Nd6 Qb2 29. Qc1 Rb8 30. Rf1 Na4 31. Rb1 Qxb1 32. Qxb1 Rxb1 33. Rxb1 Nb6 34.
g3 Rc5 35. Rb2 Kf8 36. c4 Ke7 37. d4 Rc7 38. Rb4 Kd7 39. a4 Nc8 40. Nxc8 Kxc8
41. c5 Kd7 42. Kg2 Kc6 43. Kf3 Kd5 44. Ke3 g5 45. fxg5 Rg7 46. h4 h6 47. Kf4
hxg5+ 48. hxg5 Rh7 49. g6 Rg7 50. Kg5 a5 51. Rb5 Kxd4 52. Kf6 Rc7 53. g7 Rc8
54. Kxe6 Ke4 55. Rb7 Ra8 56. Kf7 1-0

[Event "XV Festival B"]
[Site "Padova ITA"]
[Date "2012.12.23"]
[Round "5"]
[White "Simongini, Giacomo"]
[Black "Bonini, Roberto"]
[WhiteElo "1748"]
[BlackElo "1888"]
[Result "0-1"]
[PlyCount "74"]
[EventDate "2012.12.15"]

1. d4 Nf6 2. Nf3 g6 3. Bf4 Bg7 4. Nbd2 d6 5. e3 Nbd7 6. Be2 O-O 7. h3 Re8 8.
O-O e5 9. dxe5 Nxe5 10. Nxe5 dxe5 11. Bg5 h6 12. Bh4 Qd6 13. c3 Bf5 14. Nc4 Qc5
15. Bg3 Rad8 16. Qa4 b5 17. Qa5 Ne4 18. Qa3 bxc4 19. Qxc5 Nxc5 20. Bxc4 Bd3 21.
Bxd3 Nxd3 22. e4 Nxb2 23. Rab1 Rd2 24. f4 exf4 25. Bxf4 Rc2 26. e5 Kh7 27. Bc1
Nd3 28. Be3 Nxe5 29. Bd4 Nc6 30. Rxf7 Nxd4 31. cxd4 Kg8 32. Rd7 Ree2 33. Rb8+
Kh7 34. Rb7 Rxg2+ 35. Kf1 Rh2 36. Kg1 Rhd2 37. Rf7 Rd1+ 0-1

[Event "XV Festival B"]
[Site "Padova ITA"]
[Date "2012.12.23"]
[Round "5"]
[White "Tissino, Tiziano"]
[Black "Rigoni, Vinicio"]
[WhiteElo "1776"]
[BlackElo "1912"]
[Result "1-0"]
[PlyCount "123"]
[EventDate "2012.12.15"]

1. Nf3 Nf6 2. c4 g6 3. Nc3 Bg7 4. e4 d6 5. d4 O-O 6. Be2 c5 7. dxc5 dxc5 8.
Qxd8 Rxd8 9. e5 Ng4 10. Nd5 Rxd5 11. cxd5 Nxe5 12. Nxe5 Bxe5 13. O-O Nd7 14. a4
Nf6 15. Bf3 Ng4 16. g3 Bd4 17. Ra3 Ne5 18. Re1 Nxf3+ 19. Rxf3 e5 20. dxe6 Bxe6
21. Rf4 a5 22. Be3 Bxb2 23. Bxc5 Bc3 24. Rb1 Rc8 25. Be7 Kg7 26. Rc1 Re8 27.
Rxc3 Rxe7 28. Rc5 b6 29. Rb5 Bh3 30. f3 Re2 31. Rxb6 g5 32. Re4 Rg2+ 33. Kh1
Rf2 34. Re1 Ra2 35. Rb5 Rxa4 36. Rxg5+ Kh6 37. Rge5 Ra2 38. R5e2 Ra3 39. f4 a4
40. Kg1 Rf3 41. Ra2 Bd7 42. Kg2 Bc6 43. Kh3 a3 44. Rea1 Rd3 45. Rxa3 Rd5 46. g4
Rd2 47. Ra6 Rc2 48. R1a3 Kg7 49. Ra2 Rc3+ 50. Kh4 h6 51. R2a3 Rc2 52. h3 Bd5
53. Kh5 Rh2 54. Rxh6 Be6 55. f5 Bd5 56. Rd6 Bc4 57. Rg3 f6 58. Rc3 Bf7+ 59. Kh4
Rh1 60. Rc7 Rh2 61. Rdd7 Kh6 62. Rxf7 1-0

[Event "XV Festival B"]
[Site "Padova ITA"]
[Date "2012.12.23"]
[Round "5"]
[White "Xia, Jie"]
[Black "Cancian, Loris"]
[WhiteElo "2255"]
[BlackElo "1878"]
[Result "1-0"]
[PlyCount "43"]
[EventDate "2012.12.15"]

1. e4 e5 2. Nf3 Nc6 3. d4 exd4 4. Bc4 d6 5. Nxd4 Nxd4 6. Qxd4 Qf6 7. Qd3 Ne7 8.
Nc3 Bd7 9. Be3 a6 10. O-O Be6 11. f4 Nc6 12. Bd5 Nb4 13. Qd2 Nxd5 14. exd5 Bf5
15. Bd4 Qg6 16. b4 b6 17. Qe2+ Kd7 18. Qc4 Ra7 19. Rfe1 Be7 20. Bxb6 cxb6 21.
Qc6+ Kd8 22. Qxb6+ 1-0

[Event "XV Festival B"]
[Site "Padova ITA"]
[Date "2012.12.23"]
[Round "5"]
[White "Zamengo, Fulvio"]
[Black "Gromovs, Sergejs"]
[WhiteElo "2068"]
[BlackElo "2161"]
[Result "0-1"]
[PlyCount "76"]
[EventDate "2012.12.15"]

1. e4 d6 2. d4 Nf6 3. Nc3 g6 4. f4 Bg7 5. Nf3 O-O 6. Bd3 Nc6 7. O-O Bg4 8. Be3
e5 9. fxe5 dxe5 10. dxe5 Nxe5 11. Be2 Nxf3+ 12. gxf3 Bh3 13. Qxd8 Rfxd8 14.
Rfd1 Nd7 15. Bg5 f6 16. Bf4 Ne5 17. Rxd8+ Rxd8 18. Rd1 Rxd1+ 19. Nxd1 Be6 20.
b3 Bf8 21. Kf2 c6 22. a4 Kf7 23. Nb2 Bd6 24. Be3 a6 25. Kg2 g5 26. Nd3 Ng6 27.
Nc5 Bc8 28. Nd3 h6 29. Bb6 f5 30. Bd4 Be6 31. Kg1 h5 32. Nc5 Nf4 33. Bf1 Bc8
34. Bc4+ Kg6 35. e5 Be7 36. a5 g4 37. fxg4 hxg4 38. Nd3 Ne2+ 0-1

[Event "XV Festival B"]
[Site "Padova ITA"]
[Date "2012.12.23"]
[Round "5"]
[White "Zanirato, Stefano"]
[Black "Simonetto, Andrea"]
[WhiteElo "1912"]
[BlackElo "1489"]
[Result "0-1"]
[PlyCount "92"]
[EventDate "2012.12.15"]

1. e4 c6 2. d4 d5 3. Nc3 dxe4 4. Nxe4 Bf5 5. Ng3 Bg6 6. Nf3 Nf6 7. Ne5 Nbd7 8.
Nxg6 hxg6 9. Bd3 e6 10. c3 Rc8 11. Bg5 Qc7 12. Qf3 Bd6 13. O-O Nh5 14. Rae1
Ndf6 15. h4 Bxg3 16. fxg3 Qxg3 17. Re3 Qxf3 18. Rexf3 Rf8 19. g4 Nxg4 20. Bxg6
Nhf6 21. Bd3 Rc7 22. Rg3 Rh8 23. Be2 Nh6 24. Bxh6 Rxh6 25. Rf4 Nd5 26. Rfg4 g6
27. c4 Nf6 28. Rf4 Nh5 29. Bxh5 Rxh5 30. Kg2 Rd7 31. Kf3 c5 32. Rgg4 cxd4 33.
Rxd4 Rxd4 34. Rxd4 Ke7 35. b4 a5 36. a3 b6 37. Kg3 axb4 38. axb4 b5 39. c5 Rd5
40. Rxd5 exd5 41. Kf4 Ke6 42. Ke3 Ke5 43. Kd3 f5 44. Ke3 d4+ 45. Kd3 Kd5 46.
Ke2 f4 0-1

[Event "XV Festival B"]
[Site "Padova ITA"]
[Date "2012.12.23"]
[Round "6"]
[White "Alessi, Giovanni"]
[Black "Simioni, Tiziano"]
[WhiteElo "1633"]
[BlackElo "1781"]
[Result "0-1"]
[PlyCount "114"]
[EventDate "2012.12.15"]

1. e4 e6 2. Nf3 d5 3. exd5 exd5 4. d4 Nf6 5. Bf4 Be7 6. Be2 O-O 7. O-O Nbd7 8.
Nc3 a6 9. Bd3 c6 10. a3 Re8 11. Re1 Nf8 12. h3 Ng6 13. Be5 Be6 14. Ng5 Bd6 15.
Bxg6 hxg6 16. Qf3 Bxe5 17. dxe5 Nd7 18. Qg3 Nf8 19. Rad1 Nh7 20. Nxh7 Kxh7 21.
Ne4 Rh8 22. Rd2 Kg8 23. Red1 Qc8 24. Nd6 Qd7 25. Rd3 Rh6 26. Nc4 Qe7 27. Ne3
Bf5 28. Nxf5 gxf5 29. Qf4 g5 30. Qxf5 Rg6 31. c4 Qe6 32. Qxe6 fxe6 33. cxd5
exd5 34. Re1 Kf7 35. Rf3+ Ke6 36. Rg3 Rag8 37. Rg4 c5 38. Rg3 b5 39. b3 d4 40.
Rd3 Rd8 41. Re4 a5 42. f3 Rd5 43. b4 Rxe5 44. Rxe5+ Kxe5 45. bxc5 Kd5 46. Kf2
Re6 47. g3 Kc4 48. Rd1 Kxc5 49. Rc1+ Kd5 50. Rc8 b4 51. Ra8 b3 52. Rxa5+ Kc4
53. Rxg5 b2 54. Rg8 b1=Q 55. Rc8+ Kd3 56. f4 Qb2+ 57. Kf3 Qe2# 0-1

[Event "XV Festival B"]
[Site "Padova ITA"]
[Date "2012.12.23"]
[Round "6"]
[White "Aprile, Martino"]
[Black "Negro, Roberto"]
[WhiteElo "1947"]
[BlackElo "2156"]
[Result "0-1"]
[PlyCount "88"]
[EventDate "2012.12.15"]

1. e4 g6 2. d4 Bg7 3. Nf3 d6 4. c3 Nf6 5. Bd3 O-O 6. h3 Nc6 7. O-O e5 8. Re1 h6
9. Na3 Nh5 10. Nc4 Qf6 11. Be3 Nf4 12. Bxf4 Qxf4 13. d5 Ne7 14. Ne3 h5 15. Nf1
Qh6 16. Qd2 Qh8 17. N3h2 Bh6 18. Qe2 Qg7 19. f3 f5 20. Bc2 Kh8 21. c4 Bd7 22.
b4 Rf7 23. a4 a5 24. b5 b6 25. Ra2 Raf8 26. Bd1 Bg5 27. Bb3 Bh4 28. g3 Bg5 29.
Qg2 Ng8 30. Bd1 Nf6 31. Bb3 Bh6 32. Bd1 Nh7 33. Ra3 Rf6 34. g4 Qf7 35. Ra2 Bg5
36. Rb2 Bh4 37. Re3 Ng5 38. Reb3 fxe4 39. fxe4 Bf2+ 40. Kh1 Bd4 41. Ra2 Rxf1+
42. Nxf1 Qxf1+ 43. Qxf1 Rxf1+ 44. Kg2 Rxd1 0-1

[Event "XV Festival B"]
[Site "Padova ITA"]
[Date "2012.12.23"]
[Round "6"]
[White "Basso, Pier Luigi"]
[Black "Negro, Raffaele"]
[WhiteElo "2186"]
[BlackElo "1826"]
[Result "1-0"]
[PlyCount "25"]
[EventDate "2012.12.15"]

1. e4 b6 2. d4 Bb7 3. Nc3 e6 4. Bd3 Bb4 5. Nge2 Nf6 6. O-O d5 7. e5 Ne4 8. Bxe4
dxe4 9. a3 Bxc3 10. Nxc3 c5 11. dxc5 Qxd1 12. Rxd1 bxc5 13. Nb5 1-0

[Event "XV Festival B"]
[Site "Padova ITA"]
[Date "2012.12.23"]
[Round "6"]
[White "Bellon, Antonio"]
[Black "Simongini, Giacomo"]
[WhiteElo "1668"]
[BlackElo "1748"]
[Result "0-1"]
[PlyCount "55"]
[EventDate "2012.12.15"]

1. e4 c5 2. g3 g6 3. f4 Bg7 4. Nf3 Nc6 5. Bg2 d6 6. O-O Qb6 7. c3 Nf6 8. Qc2
Bd7 9. d3 Rc8 10. h3 O-O 11. Be3 Qa6 12. Nbd2 b5 13. d4 cxd4 14. Nxd4 Rc7 15.
Qd3 Na5 16. a4 Rb8 17. b4 Nc4 18. axb5 Qc8 19. Nxc4 Rxc4 20. Nc6 Rxc6 21. bxc6
Bxc6 22. Rxa7 Bb5 23. Qc2 Bxf1 24. Bxf1 Kf8 25. b5 Nd7 26. c4 Ke8 27. Qa4 Nc5
28. b6+ 0-1

[Event "XV Festival B"]
[Site "Padova ITA"]
[Date "2012.12.23"]
[Round "6"]
[White "Belloni, Umberto"]
[Black "Alfier, Cecilia"]
[WhiteElo "1797"]
[BlackElo "1680"]
[Result "1-0"]
[PlyCount "45"]
[EventDate "2012.12.15"]

1. d4 d5 2. Bg5 Nf6 3. Nd2 e6 4. e3 c5 5. c3 Nc6 6. f4 Bd6 7. Ngf3 cxd4 8. cxd4
h6 9. Bh4 O-O 10. Bd3 Nb4 11. Bb1 Be7 12. a3 Qa5 13. axb4 Qxb4 14. Bxf6 Bxf6
15. Qc2 g6 16. Ne5 Bxe5 17. fxe5 Bd7 18. Qb3 Qb5 19. Bd3 Qxb3 20. Nxb3 b6 21.
Ba6 Bc8 22. Bxc8 Rfxc8 23. g3 1-0

[Event "XV Festival B"]
[Site "Padova ITA"]
[Date "2012.12.23"]
[Round "6"]
[White "Bergamasco, Tommaso"]
[Black "Pozzobon, Davide"]
[WhiteElo "1685"]
[BlackElo "1899"]
[Result "0-1"]
[PlyCount "36"]
[EventDate "2012.12.15"]

1. f4 e5 2. fxe5 d6 3. Nf3 dxe5 4. e4 a6 5. Bc4 Bc5 6. Rf1 Nc6 7. Nc3 Nf6 8. h3
O-O 9. g4 Nxg4 10. hxg4 Bxg4 11. Be2 Bxf3 12. Bxf3 Qh4+ 13. Ke2 Nd4+ 14. Kd3
Rad8 15. Kc4 b5+ 16. Nxb5 axb5+ 17. Kc3 Qe7 18. b3 Nxf3 0-1

[Event "XV Festival B"]
[Site "Padova ITA"]
[Date "2012.12.23"]
[Round "6"]
[White "Bonini, Roberto"]
[Black "Saponara, Nicola"]
[WhiteElo "1888"]
[BlackElo "1796"]
[Result "0-1"]
[PlyCount "74"]
[EventDate "2012.12.15"]

1. e4 c5 2. Nf3 d6 3. d4 cxd4 4. Nxd4 Nf6 5. Nc3 g6 6. f3 Bg7 7. Be3 O-O 8. Qd2
Nc6 9. O-O-O Bd7 10. Nb3 a5 11. Kb1 a4 12. Nc1 a3 13. b3 Qa5 14. N3e2 Qc7 15.
g4 Rfc8 16. Nd4 Nxd4 17. Bxd4 Bxg4 18. Bxf6 Bxf3 19. Bxg7 Bxh1 20. Bh3 Bxe4 21.
Bxc8 Rxc8 22. Nd3 Kxg7 23. Re1 f5 24. Nb4 Qc3 25. Qxc3+ Rxc3 26. Kc1 d5 27. Kd2
Rh3 28. Re2 Kf6 29. c3 e5 30. Nc2 Bxc2 31. Kxc2 e4 32. b4 Ke5 33. Kb3 d4 34.
Kxa3 Rxc3+ 35. Kb2 f4 36. a4 f3 37. Rf2 Kf4 0-1

[Event "XV Festival B"]
[Site "Padova ITA"]
[Date "2012.12.23"]
[Round "6"]
[White "Boscolo, Marco"]
[Black "Xia, Jie"]
[WhiteElo "2145"]
[BlackElo "2255"]
[Result "1/2-1/2"]
[PlyCount "77"]
[EventDate "2012.12.15"]

1. d4 Nf6 2. c4 d6 3. Nf3 g6 4. Nc3 Bg7 5. e4 O-O 6. Be2 Nbd7 7. O-O e5 8. Re1
c6 9. Bf1 exd4 10. Nxd4 Re8 11. Bf4 Ne5 12. f3 Nfd7 13. Qd2 Nc5 14. Be3 a5 15.
Rab1 Qc7 16. Red1 Bf8 17. b3 Bd7 18. Qf2 Bg7 19. Qd2 Rad8 20. a3 Bc8 21. Bf2
Qe7 22. b4 axb4 23. axb4 Ne6 24. Na4 d5 25. exd5 cxd5 26. Nxe6 Bxe6 27. Bb6 d4
28. Bxd8 Rxd8 29. Rbc1 h5 30. Nc5 Bf5 31. Re1 Qc7 32. f4 Bh6 33. Ne4 Ng4 34. g3
Bg7 35. Bd3 Ne3 36. Nc5 Bh3 37. Ne4 Bf5 38. Nc5 Bh3 39. Ne4 1/2-1/2